000 00354 a2200133 4500
000 nam a22 7a 4500
100 _aRohit Rathee
110 _aRohit Rathee
245 _aAshtanga Yoga of Patanjali- Philosophy, Religion Culture, Ethos and Practices
250 _alatest edition
260 _bOxford
_c2025
264 _bOxford
_c2025
942 _cBK
999 _c396234
_d396234